000 01025pam a2200289 a 4500
001 2487201
003 OSt
005 20160526192305.0
008 910614s1991 nyua b 001 0 eng c
010 _a 91023261
020 _a0443085765
040 _aDNLM/DLC
_cDLC
_dDLC
050 0 0 _aRB37
_b.L2752 1991
060 _aQY 4 L1233
082 0 0 _aQY 4
_220
_bL111 1991
245 0 0 _aLaboratory medicine :
_btest selection and interpretation /
_ceditors, Joan H. Howanitz, Peter J. Howanitz ; section editors, P. Joanne Cornbleet, Ron B. Schifman, Lawrence D. Petz.
260 _aNew York :
_bChurchill Livingstone,
_c1991.
300 _axv, 966 p. :
_bill. ;
_c29 cm.
504 _aIncludes bibliographical references and index.
650 0 _aDiagnosis, Laboratory.
_9904
650 2 _aDiagnosis, Laboratory.
_9904
650 2 _aDiagnostic Tests, Routine.
_99024
700 1 _aHowanitz, Joan H.
_99025
700 1 _aHowanitz, Peter J.
_99026
906 _a7
_bcbc
_corignew
_d1
_eocip
_f19
_gy-gencatlg
942 _2ddc
_cO_SHELF
999 _c4185
_d4185